Gaming Quiz

Random Gaming Quiz

Bestiariusz Wiedźmina 3 Quiz Stats

 Plays Quiz not verified by Sporcle

Support Sporcle.
Go Orange.
Score 0/70 Timer 15:00
1 Play Today
Klasyfikacja Nazwa % Correct
Bestia/ZwierzęWilk
92.4%
TrupojadUtopiec
84.9%
HybrydaGryf
79.4%
Bestia/ZwierzęNiedźwiedź
79.2%
TrupojadGhul
76.2%
UpiórPołudnica
75.1%
Bestia/ZwierzęPies
73.1%
Istota przeklętaWilkołak
70.9%
UpiórPółnocnica
69.6%
ReliktLeszy
69.1%
UpiórUpiór
68.6%
Bestia/ZwierzęDzik
68.4%
DrakonidWiverna
68.3%
ReliktBies
66.9%
OgrowatyTroll
66.8%
TrupojadBaba wodna
65%
OgrowatyNekker
63.5%
HybrydaSyrena
63.4%
DrakonidBazyliszek
62.1%
HybrydaHarpia
60.6%
TrupojadTopielec
59.4%
WampirWampir wyższy
58.9%
TrupojadAlghul
58.4%
WampirBruxa
56.2%
Istota magicznaGolem
55.1%
DrakonidKuroliszek
54.5%
Istota przeklętaPoroniec
49.3%
OgrowatyCyklop
48.7%
TrupojadBaba cmentarna
48.3%
HybrydaSukkub
47.1%
InsektoidKrabopająk
46.7%
TrupojadZgnilec
45.7%
Istota magicznaŻywiołak ziemi
43.5%
ReliktCzart
43.5%
ReliktBożątko
43.1%
Klasyfikacja Nazwa % Correct
WampirAlp
42.8%
Istota magicznaŻywiołak ognia
42.6%
InsektoidKikimora
42.4%
WampirEkimma
41%
Istota magicznaOgar Dzikiego Gonu
40.7%
TrupojadMglak
39.6%
DrakonidWidłogon
39%
HybrydaArchegryf
38.8%
WampirKatakan
38.8%
OgrowatyGigant
38.3%
ReliktDoppler
37.7%
Istota magicznaGargulec
36.8%
Bestia/ZwierzęPantera
35.1%
Istota magicznaDżinn
33.1%
WampirFleder
32.6%
ReliktBorowy
32.5%
InsektoidSkolopendromorf
31.9%
InsektoidEndriaga wojownik
29.6%
UpiórHim
29.4%
DrakonidOszluzg
29.4%
Istota przeklętaArchespor
27.8%
WampirGarkain
27.1%
HybrydaErynia
26%
InsektoidEndriaga robotnik
25.1%
Istota magicznaŻywiołak lodu
24.2%
InsektoidArachnomorf
23.8%
ReliktSilvan
23.2%
TrupojadWicht
21.5%
UpiórBarghest
21.4%
HybrydaEchidna
20.9%
ReliktSzarlej
20.1%
InsektoidJadowity krabopająk
15.6%
TrupojadParszywiec
15.1%
InsektoidEndriaga truteń
13.8%
InsektoidPancerny krabopająk
12%

You're not logged in!

Compare scores with friends on all Sporcle quizzes.
OR
Log In

From the Vault

'B' Islands Country Match

by Pilgab

This island looks more like an 'L' or a 'C' than a 'B' - but we'll let it slide.
Remove Ads.
Support Sporcle.
Get the best of Sporcle when you Go Orange. This ad-free experience offers more features, more stats, and more fun while also helping to support Sporcle. Thank you for becoming a member.

Show Comments

Extras

Created Apr 8, 2020ReportNominate

Top Quizzes Today


Score Distribution

Your Account Isn't Verified!

In order to create a playlist on Sporcle, you need to verify the email address you used during registration. Go to your Sporcle Settings to finish the process.

Report this User

Report this user for behavior that violates our Community Guidelines.

Details: